Riešenie nutričného problému v prostredí MS Excel bakalárska práca

Gespeichert in:
Bibliographische Detailangaben
1. Verfasser: Kušnirik, Daniel
Körperschaft: Fakulta hospodárskej informatiky EU. Katedra operačného výskumu a ekonometrie
Weitere Verfasser: Zámečníková, Alena
Format: Buch
Sprache:Slowakisch
Veröffentlicht: Bratislava 2015
Tags: Tag hinzufügen
Keine Tags, Fügen Sie das erste Tag hinzu!

MARC

LEADER 00000nbm a2200000 4500
001 0206562
005 20161212114208.6
041 0 |a slo 
044 |a SK 
245 1 0 |a Riešenie nutričného problému v prostredí MS Excel  |b bakalárska práca  |c Daniel Kušnirik ; školiteľ: Alena Zámečníková 
264 1 |a Bratislava  |c 2015 
300 |a 45 s. 
100 1 |a Kušnirik, Daniel 
700 1 |a Zámečníková, Alena 
710 2 |a Fakulta hospodárskej informatiky EU. Katedra operačného výskumu a ekonometrie